Geography! 2 (Water) - Statistics

General Stats
  • This quiz has been taken 33 times
  • The average score is 25 of 41
Answer Stats
Hint Answer % Correct
River That Contains The Most Water Amazon
100%
Largest Ocean Pacific
100%
Ocean Splitting Eurasia From Americas Atlantic
93%
Longest River In The World Nile
93%
Most Northern Ocean In The World Arctic
90%
Connects South America To Cuba Caribbean Sea
90%
River That Runs Through London Thames
90%
Named After A Country Indian
87%
Nearly Closed Off By North Africa & Southern Europe Mediterranean Sea
87%
Lies South Of Norway North Sea
87%
It Lies East Of The Balkan Country Of Romania Black Sea
83%
Channel Splitting France To The U.K English Channel
83%
Largest Body Of Water That Isn’t Connected To Ocean Caspian Sea
80%
Sea That Makes The International Date Line Bering Sea
73%
U.S State Is Named After This River Mississippi
73%
Philippines, China, Malaysia, Vietnam Share It South China Sea
73%
Most Southern Ocean In The World Southern
73%
Nickname For The Ontario, Michigan, Superior, Eerie, Huron Lakes Great Lakes
70%
Runs Through Shanghai To Central China Yangtze
70%
Inlet Between Africa and Asia Red Sea
67%
Northeastern Part Of The East China Sea Yellow Sea
63%
On The Left Side Of The Indian Peninsula Arabian Sea
57%
On The Right Side Of The Indian Peninsula Bay Of Bengal
57%
Longest River In Britain Severn
57%
Body Of Water Near Eastern France Bay Of Biscay
53%
Marginal Sea Making Southern U.S.A Not Landlocked Gulf Of Mexico
53%
Also Known As The East Sea Sea Of Japan
53%
Lies Southeastern Of Australia Tasman Sea
53%
Got Destroyed For Oil Mines, Lies In South Kazakhstan Aral Sea
43%
Also Called Murman Sea In Ancient Russia Baltic Sea
43%
Splits Madagascar From Mozambique Mozambique Channel
43%
Named After Ronald ____ The Discoverer Of Antarctica Amundsen Sea
40%
Lies To The Far East Of Siberia, Russia Eastern Siberia Sea
40%
Lies Above The City Of Jakarta, Indonesia Java Sea
40%
Near Alaska And Yukon, Canada Beaufort Sea
33%
Russia And Norway Are The Only Countries To Border It Barents Sea
30%
Splits Off The Mexican Peninsula Of Baja California Gulf Of California
30%
Most Northern Corner Of The Pacific Ocean Gulf Of Alaska
23%
In between Greenland And Baffin Island Baffin Bay
20%
Located Near Kamchatka Peninsula In Russia Sea Of Okhotsk
20%
Most Northeastern Part Of The Atlantic Gulf Of Guinea
3%
No matching quizzes found
Score Distribution
Percent of People with Each Score
Percentile by Number Answered
Your Score History
You have not taken this quiz